| 000 | 01477nam2a2200289 4500 | ||
|---|---|---|---|
| 001 | rc\2938692 | ||
| 005 | 20110824112510.5 | ||
| 035 | _a(NLR Aleph) 007087640 | ||
| 090 |
_a13598991 _c13598991 |
||
| 100 | _a20110824d1939 |||y0rusy50 ca | ||
| 101 | 0 | _arus | |
| 102 | _aRU | ||
| 105 | _ah z ||||| | ||
| 200 | 1 |
_a[Хронологические выписки] _hII _i[Приблизительно от 1300 до 1470] |
|
| 210 | _d1939 | ||
| 215 |
_aVI, 412 с., 3 вкл. л. факс. _cфакс. |
||
| 300 | _aТекст настоящего тома подготовлен к печати Е.А. Косминским и В.А. Гиндиным, под руководством В.В. Адоратского | ||
| 461 | 0 |
_1001rc\2938689 _12001#$aАрхив Маркса и Энгельса$fПод ред. В. Адоратского$g[Предисл.: А. Леонтьев]$gИн-т Маркса-Энгельса-Ленина при ЦК ВКП(б)$vТ. 6 _1700#1$aМаркс$bК.$gКарл$f1818-1883 |
|
| 700 | 1 |
_aМаркс _bК. _f1818-1883 _gКарл |
|
| 702 | 1 |
_aКосминский _bЕ. А. _f1886-1959 _gЕвгений Алексеевич _3RU\NLR\AUTH\770278160 _4570 |
|
| 702 | 1 |
_aГиндин _bВ. А. _4570 |
|
| 702 | 1 |
_aАдоратский _bВ. В. _f1878-1945 _gВладимир Викторович _3RU\NLR\AUTH\770133283 _4570 |
|
| 801 | 0 |
_aRU _bNLR _gpsbo |
|
| 801 | 1 |
_aRU _bELAR _2rusmarc |
|
| 852 |
_aNLR _bМЭ _j1-Д/2(6-1) |
||
| 942 | _cBOOK | ||
| 980 | _aNB | ||